000 00307nam a2200133Ia 4500
008 100328s9999 xx 000 0 und d
082 _b34984
100 _aओक जनार्दन.
245 _aमात
260 _bपूजा.
630 _aमात
730 _aमात
942 _cBOOK
999 _c524996
_d524993